|
|
|
|
| LEADER |
00000nam0a2200000 4500 |
| 001 |
107544 |
| 005 |
20231101214734.0 |
| 010 |
|
|
|a 5769522100
|
| 035 |
|
|
|a (RuTPU)RU\TPU\book\116105
|
| 090 |
|
|
|a 107544
|
| 100 |
|
|
|a 20061226d2005 m y0rusy50 ca
|
| 101 |
0 |
|
|a rus
|
| 102 |
|
|
|a RU
|
| 105 |
|
|
|a a j 001zy
|
| 200 |
1 |
|
|a Технологическое оборудование машиностроительного производства
|e учебник
|f Б. И. Черпаков, Л. И. Вереина
|
| 210 |
|
|
|a Москва
|c Академия
|d 2005
|
| 215 |
|
|
|a 416 с.
|c ил.
|
| 225 |
1 |
|
|a Среднее профессиональное образование. Машиностроение
|
| 320 |
|
|
|a Библиогр.: с. 409-410.
|
| 330 |
|
|
|a Приведены сведения о классификации, особенностях управления и показателях технического уровня металлорежущих станков и роботизированных технологических комплексов. Рассмотрены их типовые узлы и механизмы. Описаны принцип действия, кинематика, конструкции станков основных групп с ручным и программным управлением. Изложены тенденции развития металлорежущих станков. Даны рекомендации по эксплуатации различного технологического оборудования в составе станочных систем. Для студентов образовательных учреждений среднего профессионального образования.
|
| 606 |
1 |
|
|a Металлорежущие станки
|2 stltpush
|3 (RuTPU)RU\TPU\subj\42570
|9 62229
|
| 610 |
1 |
|
|a типовые механизмы
|
| 610 |
1 |
|
|a токарные станки
|
| 610 |
1 |
|
|a сверлильные станки
|
| 610 |
1 |
|
|a расточные станки
|
| 610 |
1 |
|
|a шлифовальные станки
|
| 610 |
1 |
|
|a зубообрабатывающие станки
|
| 610 |
1 |
|
|a резьбообрабатывающие станки
|
| 610 |
1 |
|
|a фрезерные станки
|
| 610 |
1 |
|
|a строгальные станки
|
| 610 |
1 |
|
|a долбежные станки
|
| 610 |
1 |
|
|a протяжные станки
|
| 610 |
1 |
|
|a многоцелевые станки
|
| 610 |
1 |
|
|a агрегатные станки
|
| 610 |
1 |
|
|a роботизированные технологические комплексы
|
| 610 |
1 |
|
|a перспективы
|
| 610 |
1 |
|
|a 21 век
|
| 610 |
1 |
|
|a эксплуатация
|
| 610 |
1 |
|
|a станочные системы
|
| 610 |
1 |
|
|a информационные технологии
|
| 610 |
1 |
|
|a обрабатывающее оборудование
|
| 610 |
1 |
|
|a учебники
|
| 675 |
|
|
|a 621.9.06(075.32)
|v 3
|
| 700 |
|
1 |
|a Черпаков
|b Б. И.
|g Борис Ильич
|
| 701 |
|
1 |
|a Вереина
|b Л. И.
|g Людмила Ивановна
|
| 801 |
|
1 |
|a RU
|b 63413507
|c 20061226
|g PSBO
|
| 801 |
|
2 |
|a RU
|b 63413507
|c 20150713
|g PSBO
|
| 900 |
|
|
|a Оборудование автоматизированного производства
|
| 900 |
|
|
|a Конструкции технологического оборудования
|
| 942 |
|
|
|c BK
|